[Event "XXIV Festival Conca della Presolana A"]
[Site "Bratto - Castione della Presolana ITA"]
[Date "2004.08.24"]
[Round "5"]
[White "Zanellato, Lorenzo"]
[Black "Orsi, Massimiliano"]
[Result "1-0"]
[WhiteElo "2086"]
[BlackElo "2046"]
[PlyCount "61"]
[EventDate "2004.08.20"]

1.d4 d5 2.c4 Nc6 3.cxd5 Qxd5 4.e3 e5 5.Nc3 Bb4 6.Bd2 Bxc3 7.Bxc3 exd4 8.
Ne2 Nf6 9.Nxd4 O-O 10.Be2 a6 11.Bf3 Qg5 12.Nxc6 bxc6 13.Bxc6 Rb8 14.Qd4 
Bg4 15.Qe5 Qg6 16.h3 Be6 17.h4 Rfd8 18.Qg5 Rd6 19.Qxg6 hxg6 20.Bf3 Nd5 21.
Be5 Rd7 22.O-O Rb4 23.g3 c5 24.b3 f6 25.Bb2 c4 26.Bd4 cxb3 27.axb3 Rxb3 
28.Rxa6 Nc7 29.Ra7 Nb5 30.Rxd7 Bxd7 31.Bd5+ 1-0

[Event "XXIV Festival Conca della Presolana A"]
[Site "Bratto - Castione della Presolana ITA"]
[Date "2004.08.24"]
[Round "5"]
[White "Zimina, Olga"]
[Black "Salvador, Roland"]
[Result "1/2-1/2"]
[WhiteElo "2430"]
[BlackElo "2178"]
[PlyCount "114"]
[EventDate "2004.08.20"]

1.e4 c5 2.Nf3 Nc6 3.Nc3 e5 4.Bc4 d6 5.d3 Be7 6.Nd2 Bg5 7.Nf1 Bxc1 8.Rxc1 
Nge7 9.Ne3 O-O 10.O-O Kh8 11.f4 exf4 12.Rxf4 Ng6 13.Rxf7 Rxf7 14.Bxf7 Qg5 
15.Ncd5 Nf4 16.Nxf4 Qxf4 17.Qf3 Qxf3 18.gxf3 Bh3 19.Nc4 Rf8 20.Nxd6 b6 21.
Kf2 Ne5 22.Bh5 g6 23.Kg3 gxh5 24.Kxh3 Rxf3+ 25.Kh4 Kg7 26.Nf5+ Kf6 27.Ng3 
Rf4+ 28.Kh3 Kg5 29.Rf1 Ng6 30.Kg2 h4 31.Nf5 h3+ 32.Kg1 Ne5 33.Ng7 Kg4 34.
Rxf4+ Kxf4 35.Kf2 Ng4+ 36.Kg1 Ke3 37.Ne6 h6 38.b3 Ne5 39.Nd8 Nf3+ 40.Kh1 
Ne5 41.Kg1 Nf3+ 42.Kh1 Kd2 43.Nc6 Kxc2 44.e5 Ng5 45.d4 cxd4 46.Nxd4+ Kb2 
47.e6 Ne4 48.Nb5 Nf6 49.Nxa7 Kxa2 50.b4 Kb3 51.b5 Kc4 52.e7 Kc5 53.Kg1 Kd6
54.Kf2 Kxe7 55.Nc8+ Ke6 56.Nxb6 Ne4+ 57.Kf3 Nc3 1/2-1/2

[Event "XXIV Festival Conca della Presolana A"]
[Site "Bratto - Castione della Presolana ITA"]
[Date "2004.08.24"]
[Round "5"]
[White "Zoldan, Matteo"]
[Black "Bresciani, Nicola"]
[Result "1/2-1/2"]
[WhiteElo "2103"]
[BlackElo "2284"]
[PlyCount "59"]
[EventDate "2004.08.20"]

1.e4 c5 2.Nf3 d6 3.d4 cxd4 4.Nxd4 Nf6 5.Nc3 a6 6.Be3 e5 7.Nb3 Be6 8.Qd2 
Nbd7 9.f3 b5 10.a4 b4 11.Nd5 Bxd5 12.exd5 Nb6 13.Bxb6 Qxb6 14.a5 Qb7 15.
Bc4 g6 16.Ra4 Rb8 17.Nc1 h5 18.Na2 Bh6 19.Qe2 Qd7 20.b3 O-O 21.Nxb4 Qxa4 
22.bxa4 Rxb4 23.Bb3 Ra8 24.O-O Nd7 25.g3 Nc5 26.Kg2 Rab8 27.Ra1 Rd4 28.Rd1
Rdb4 29.Re1 Rd4 30.Rd1 1/2-1/2

[Event "XXIV Festival Conca della Presolana A"]
[Site "Bratto - Castione della Presolana ITA"]
[Date "2004.08.25"]
[Round "6"]
[White "Andreoli, Renato"]
[Black "Raselli, Claudio"]
[Result "1-0"]
[WhiteElo "2200"]
[BlackElo "2061"]
[PlyCount "75"]
[EventDate "2004.08.20"]

1.Nf3 d5 2.g3 Nf6 3.Bg2 c5 4.O-O Nc6 5.d4 e6 6.c4 Be7 7.dxc5 Bxc5 8.a3 
dxc4 9.Qa4 O-O 10.Qxc4 Qe7 11.Nc3 a6 12.Bg5 Ba7 13.Rad1 Bd7 14.Qh4 h6 15.
Bxf6 gxf6 16.Qxh6 f5 17.e4 fxe4 18.Nxe4 f5 19.Qg6+ Kh8 20.Qh6+ Kg8 21.Rxd7
Qxd7 22.Nf6+ Rxf6 23.Qxf6 Bd4 24.Nxd4 Nxd4 25.Qg6+ Kh8 26.Qh5+ Kg7 27.Qg5+
Kf7 28.Qh5+ Kg7 29.h4 Rc8 30.Qg5+ Kf7 31.h5 Rg8 32.Qe3 Rh8 33.Rd1 Rd8 34.
Kh2 b5 35.Qh6 Rg8 36.Qh7+ Rg7 37.Qh8 f4 38.h6 1-0

[Event "XXIV Festival Conca della Presolana A"]
[Site "Bratto - Castione della Presolana ITA"]
[Date "2004.08.25"]
[Round "6"]
[White "Antognini, Francesco"]
[Black "Lucaroni, Massimiliano"]
[Result "0-1"]
[WhiteElo "2193"]
[BlackElo "2305"]
[PlyCount "68"]
[EventDate "2004.08.20"]

1.e4 e5 2.Nf3 Nc6 3.Bb5 a6 4.Bxc6 dxc6 5.O-O Bg4 6.h3 h5 7.d3 Qf6 8.Nbd2 
Ne7 9.Re1 Ng6 10.d4 Nf4 11.dxe5 Qg6 12.Nh4 Bxd1 13.Nxg6 fxg6 14.Rxd1 O-O-O
15.Re1 Bb4 16.Nf3 Bxe1 17.Bxf4 Bb4 18.Nh4 Bd2 19.Nxg6 Bxf4 20.Nxf4 Rd4 21.
Re1 c5 22.f3 Rd2 23.Re2 Rxe2 24.Nxe2 Rd8 25.Nf4 Rd2 26.Nxh5 Rxc2 27.Nxg7 
Rxb2 28.e6 Kd8 29.f4 c4 30.f5 Re2 31.f6 Rxe4 32.e7+ Kd7 33.Nf5 Ke8 34.Kf2 
Rf4+ 0-1

[Event "XXIV Festival Conca della Presolana A"]
[Site "Bratto - Castione della Presolana ITA"]
[Date "2004.08.25"]
[Round "6"]
[White "Bancod, Ronald"]
[Black "Coratella, Giuseppe"]
[Result "1/2-1/2"]
[WhiteElo "2354"]
[BlackElo "2156"]
[PlyCount "101"]
[EventDate "2004.08.20"]

1.e4 e6 2.d3 d5 3.Nd2 c5 4.Ngf3 Nc6 5.g3 g6 6.h4 h5 7.Bg2 Bg7 8.O-O d4 9.
e5 Nxe5 10.Nxe5 Bxe5 11.Nc4 Bc7 12.c3 Rb8 13.cxd4 cxd4 14.a4 f6 15.a5 Ne7 
16.Bd2 Kf7 17.b4 Bd7 18.Qb3 Bc6 19.Be4 a6 20.Rae1 Bd5 21.Re2 Nc6 22.Rfe1 
Re8 23.Qb1 Ne5 24.Nxe5+ Bxe5 25.Rc1 Bxe4 26.Rxe4 Qd7 27.f4 Bd6 28.Kg2 e5 
29.Qb3+ Qe6 30.Qxe6+ Kxe6 31.fxe5 fxe5 32.Kf3 Rbc8 33.Rb1 Rc2 34.Ke2 Rec8 
35.Kd1 Ra2 36.Rc1 Rxc1+ 37.Kxc1 Ra1+ 38.Kb2 Rg1 39.Be1 Rxe1 40.Rxe1 Bxb4 
41.Rc1 Bxa5 42.Kc2 Bc7 43.g4 hxg4 44.Rg1 b5 45.Rxg4 Kf6 46.Rg2 a5 47.Rf2+ 
Kg7 48.Re2 Kf6 49.Rf2+ Ke7 50.Rg2 Kf6 51.Rf2+ 1/2-1/2

[Event "XXIV Festival Conca della Presolana A"]
[Site "Bratto - Castione della Presolana ITA"]
[Date "2004.08.25"]
[Round "6"]
[White "Barletta, Antonio"]
[Black "Barlocco, Carlo"]
[Result "1/2-1/2"]
[WhiteElo "2066"]
[BlackElo "2148"]
[PlyCount "52"]
[EventDate "2004.08.20"]

1.e4 c5 2.Nc3 e6 3.g3 Nc6 4.Bg2 g6 5.f4 Bg7 6.Nf3 Nge7 7.O-O O-O 8.d3 Rb8 
9.e5 d6 10.exd6 Qxd6 11.Ne4 Qd7 12.Qe1 b6 13.Bd2 Nf5 14.Bc3 Nfd4 15.Ne5 
Nxe5 16.fxe5 Bxe5 17.Nf6+ Bxf6 18.Rxf6 Bb7 19.Bxb7 Qxb7 20.Qf2 Rbd8 21.Rf1
Qe7 22.g4 Rd5 23.Qh4 Qd8 24.Bd2 h5 25.Bg5 Rxg5 26.Qxg5 hxg4 1/2-1/2

[Event "XXIV Festival Conca della Presolana A"]
[Site "Bratto - Castione della Presolana ITA"]
[Date "2004.08.25"]
[Round "6"]
[White "Bellia, Fabrizio"]
[Black "D'Innocente, Stefano"]
[Result "1/2-1/2"]
[WhiteElo "2409"]
[BlackElo "2197"]
[PlyCount "98"]
[EventDate "2004.08.20"]

1.e4 e5 2.Nf3 Nc6 3.Bb5 a6 4.Ba4 Nf6 5.O-O Be7 6.Re1 b5 7.Bb3 d6 8.c3 O-O 
9.h3 Nb8 10.d4 Nbd7 11.Nbd2 Bb7 12.Bc2 Re8 13.b3 Bf8 14.d5 c6 15.c4 Rc8 
16.Nf1 Qc7 17.Ne3 cxd5 18.cxd5 Nc5 19.Nd2 g6 20.b4 Ncd7 21.Bb2 h5 22.Nb3 
Bh6 23.Bd3 Nb6 24.Rc1 Qb8 25.Qf3 Kg7 26.Na5 Na4 27.Ba1 Re7 28.Nc6 Bxc6 29.
Rxc6 Rxc6 30.dxc6 Bxe3 31.Qxe3 Qb6 32.Qxb6 Nxb6 33.f4 Ne8 34.Bc2 f6 35.
fxe5 fxe5 36.Bb3 Rc7 37.Bd5 Nf6 38.Rd1 Na4 39.g3 Kf8 40.Rd3 Ke7 41.Bc3 
Nxd5 42.exd5 e4 43.Re3 Nxc3 44.Rxc3 Kf6 45.Rc1 Ke5 46.Rd1 Rf7 47.Rf1 Rc7 
48.Rd1 Rf7 49.Rf1 Rc7 1/2-1/2

[Event "XXIV Festival Conca della Presolana A"]
[Site "Bratto - Castione della Presolana ITA"]
[Date "2004.08.25"]
[Round "6"]
[White "Bellini, Fabio"]
[Black "Bergez, Luc"]
[Result "1-0"]
[WhiteElo "2509"]
[BlackElo "2376"]
[PlyCount "137"]
[EventDate "2004.08.20"]

1.e4 c6 2.d4 d5 3.Nd2 dxe4 4.Nxe4 Bf5 5.Nc5 Qc7 6.Bd3 Bxd3 7.Nxd3 e6 8.Bf4
Qa5+ 9.c3 Nd7 10.Nf3 Ngf6 11.O-O Be7 12.Re1 O-O 13.Nfe5 Nxe5 14.Rxe5 Qb6 
15.Bg5 Rfe8 16.Qe2 Qc7 17.Bxf6 Bxf6 18.Re4 Red8 19.Re1 Rd5 20.Nf4 Rdd8 21.
Qf3 Bg5 22.Nd3 Rd5 23.g3 Rad8 24.h4 Be7 25.Nf4 Rf5 26.Qg4 Bf8 27.a3 Rb5 
28.Qe2 Bd6 29.Ng2 Qd7 30.b4 Rb6 31.c4 Bf8 32.Nf4 a5 33.c5 Ra6 34.Nd3 axb4 
35.axb4 Qd5 36.b5 Ra2 37.Qd1 Qd7 38.bxc6 bxc6 39.Rf4 Qb7 40.Qg4 Rd2 41.Ne5
f5 42.Qh5 R2xd4 43.Rxd4 Rxd4 44.Qe8 Qe7 45.Qxe7 Bxe7 46.Nxc6 Rd7 47.Rxe6 
Bf8 48.Re8 Rc7 49.Nd4 Rd7 50.c6 Rxd4 51.c7 Rc4 52.c8=Q Rxc8 53.Rxc8 h5 54.
Rc7 Bb4 55.Kg2 Kh7 56.Kf3 Kh6 57.Rc6+ g6 58.Kf4 Bd2+ 59.Ke5 Be1 60.Kf6 
Bxf2 61.Kf7 Kh7 62.Rxg6 f4 63.gxf4 Bxh4 64.f5 Bf2 65.Rg2 Be1 66.f6 h4 67.
Ke6 Kh6 68.f7 Bb4 69.Rg4 1-0

[Event "XXIV Festival Conca della Presolana A"]
[Site "Bratto - Castione della Presolana ITA"]
[Date "2004.08.25"]
[Round "6"]
[White "Bentivegna, Francesco"]
[Black "Moncelli, Giorgio"]
[Result "1/2-1/2"]
[WhiteElo "2250"]
[BlackElo "2141"]
[PlyCount "43"]
[EventDate "2004.08.20"]

1.e4 e5 2.Nf3 Nc6 3.d4 exd4 4.Bc4 Nf6 5.e5 d5 6.Bb5 Ne4 7.Nxd4 Bd7 8.Bxc6 
bxc6 9.O-O Bc5 10.f3 Ng5 11.f4 Ne4 12.Be3 O-O 13.Nd2 Nxd2 14.Qxd2 f6 15.
Nb3 Bb6 16.Bc5 Re8 17.Rae1 Bf5 18.Bxb6 axb6 19.Nd4 Qd7 20.exf6 gxf6 21.a3 
c5 22.Nxf5 1/2-1/2

[Event "XXIV Festival Conca della Presolana A"]
[Site "Bratto - Castione della Presolana ITA"]
[Date "2004.08.25"]
[Round "6"]
[White "Bernard, Jacques"]
[Black "Poropat, Marijan"]
[Result "1-0"]
[WhiteElo "2222"]
[BlackElo "2126"]
[PlyCount "61"]
[EventDate "2004.08.20"]

1.e4 g6 2.d4 Bg7 3.Nc3 d6 4.f4 a6 5.a4 Nf6 6.Nf3 c5 7.d5 O-O 8.Bc4 Qa5 9.
Bd2 Qc7 10.O-O Nbd7 11.Kh1 Nb6 12.Be2 Bg4 13.Qe1 Bxf3 14.Rxf3 Nbd7 15.Rh3 
Rfd8 16.Qh4 Nf8 17.Re1 e6 18.Bc4 Rab8 19.b3 Qd7 20.a5 Qc7 21.dxe6 fxe6 22.
f5 d5 23.exd5 exd5 24.Bf4 Qxa5 25.Nxd5 Nxd5 26.Bxb8 Kh8 27.fxg6 Nf6 28.Bg3
Nxg6 29.Qg5 Ne4 30.Qxg6 Nf6 31.Rf1 1-0

[Event "XXIV Festival Conca della Presolana A"]
[Site "Bratto - Castione della Presolana ITA"]
[Date "2004.08.25"]
[Round "6"]
[White "Bianco, Raffaele"]
[Black "Simeone, Giulio"]
[Result "1-0"]
[WhiteElo "2097"]
[BlackElo "2024"]
[PlyCount "77"]
[EventDate "2004.08.20"]

1.e4 c6 2.d4 d5 3.Nc3 dxe4 4.Nxe4 g6 5.Bc4 Bg7 6.c3 Nd7 7.Qe2 Ndf6 8.Ng5 
Nh6 9.h3 O-O 10.N1f3 Nf5 11.Ne5 Nd6 12.Bb3 Bf5 13.g4 Bd7 14.f3 Qc7 15.h4 
c5 16.h5 c4 17.Bxc4 Nxc4 18.Qxc4 Qxc4 19.Nxc4 h6 20.Ne4 Nxe4 21.fxe4 Bxg4 
22.hxg6 fxg6 23.Rg1 Bh5 24.Be3 Rf3 25.Rf1 Raf8 26.Rxf3 Rxf3 27.Kd2 g5 28.
Na5 b6 29.Nc6 Rh3 30.Rf1 Rh2+ 31.Rf2 Rxf2+ 32.Bxf2 Kf7 33.Nxa7 Bg6 34.Ke3 
Ke6 35.d5+ Kd7 36.Nb5 Kc8 37.Nd4 h5 38.Nc6 Bf6 39.e5 1-0

[Event "XXIV Festival Conca della Presolana A"]
[Site "Bratto - Castione della Presolana ITA"]
[Date "2004.08.25"]
[Round "6"]
[White "Boccalatte, Piero"]
[Black "Young, Craig A."]
[Result "0-1"]
[WhiteElo "2002"]
[BlackElo "2124"]
[PlyCount "60"]
[EventDate "2004.08.20"]

1.d4 d5 2.c4 c6 3.Nc3 Nf6 4.e3 e6 5.Nf3 Nbd7 6.Qc2 Bd6 7.b3 O-O 8.Bb2 b6 
9.Bd3 Bb7 10.O-O h6 11.e4 dxe4 12.Nxe4 Nxe4 13.Bxe4 Nf6 14.Ne5 Qc7 15.Bf3 
Rfd8 16.h3 c5 17.Bxb7 Qxb7 18.dxc5 Bxc5 19.Rfe1 Rac8 20.Re2 Nh5 21.Nf3 Nf4
22.Re4 Nd3 23.Re2 Rd7 24.Qc3 f6 25.Rxe6 Nf4 26.Ree1 Rd3 27.Qc2 Rxf3 28.
gxf3 Qxf3 29.Qe4 Nxh3+ 30.Kh2 Bd6+ 0-1

[Event "XXIV Festival Conca della Presolana A"]
[Site "Bratto - Castione della Presolana ITA"]
[Date "2004.08.25"]
[Round "6"]
[White "Canova, Luca"]
[Black "Lanzani, Giuliano"]
[Result "1-0"]
[WhiteElo "2017"]
[BlackElo "2074"]
[PlyCount "85"]
[EventDate "2004.08.20"]

1.e4 e5 2.Nf3 Nc6 3.Bb5 a6 4.Ba4 Nf6 5.O-O b5 6.Bb3 Bc5 7.d3 d6 8.c3 h6 9.
h3 a5 10.d4 Bb6 11.Bc2 g5 12.dxe5 Nxe5 13.Nxe5 dxe5 14.Qe2 c6 15.Rd1 Qe7 
16.Be3 Bxe3 17.Qxe3 Rb8 18.a4 b4 19.Nd2 Be6 20.Qg3 Nd7 21.Bb3 f6 22.Nc4 
Bxc4 23.Bxc4 Nc5 24.Qg4 h5 25.Qf5 Rh6 26.f3 Rd8 27.cxb4 axb4 28.a5 Qa7 29.
Kh2 Ke7 30.Rxd8 Kxd8 31.b3 Kc7 32.a6 Kb8 33.Rd1 Kc7 34.Rd2 Qa8 35.Ra2 Qa7 
36.Ra1 Kb8 37.Ra5 Kc7 38.Kh1 Kb8 39.Kh2 Kc7 40.Kh1 Kb8 41.Rxc5 Qxc5 42.Qd7
Qb6 43.Qe8+ 1-0

[Event "XXIV Festival Conca della Presolana A"]
[Site "Bratto - Castione della Presolana ITA"]
[Date "2004.08.25"]
[Round "6"]
[White "Cardini, Saverio"]
[Black "Agnelli, Francesco"]
[Result "0-1"]
[WhiteElo "2026"]
[BlackElo "2097"]
[PlyCount "82"]
[EventDate "2004.08.20"]

1.d4 Nf6 2.Nf3 c5 3.e3 g6 4.Bd3 Bg7 5.c3 b6 6.Qe2 O-O 7.O-O Bb7 8.Nbd2 d6 
9.Re1 Nbd7 10.e4 e5 11.Nc4 Qc7 12.d5 b5 13.Na3 c4 14.Bb1 a6 15.Be3 Nc5 16.
Bxc5 Qxc5 17.Qd2 Ng4 18.h3 Bh6 19.Qc2 Nf6 20.b4 cxb3 21.Qxb3 Rac8 22.c4 
bxc4 23.Qxb7 Qxa3 24.Bc2 Nh5 25.Reb1 Nf4 26.Kf1 Nxh3 27.Nxe5 dxe5 28.gxh3 
Qxh3+ 29.Ke2 Qc3 30.Qb2 Qd2+ 31.Kf1 Rfd8 32.Rd1 Qf4 33.Qb6 Qh4 34.Qxa6 Bf8
35.Ke2 Bc5 36.Rf1 Qg4+ 37.Kd2 Bb4+ 38.Ke3 Rd6 39.Qa4 Qf4+ 40.Ke2 Qd2+ 41.
Kf3 Rf6+ 0-1

[Event "XXIV Festival Conca della Presolana A"]
[Site "Bratto - Castione della Presolana ITA"]
[Date "2004.08.25"]
[Round "6"]
[White "Caruso, Augusto"]
[Black "Isonzo, David"]
[Result "1/2-1/2"]
[WhiteElo "2208"]
[BlackElo "2322"]
[PlyCount "93"]
[EventDate "2004.08.20"]

1.e4 c5 2.Nf3 e6 3.d4 cxd4 4.Nxd4 a6 5.c4 Nf6 6.Nc3 Bb4 7.Bd3 Bxc3+ 8.bxc3
d6 9.Ba3 Qc7 10.f4 Nbd7 11.O-O b6 12.Qf3 Bb7 13.Qg3 g6 14.e5 dxe5 15.fxe5 
Nh5 16.Qg5 Nc5 17.Bc2 h6 18.Qh4 Ng7 19.Rae1 g5 20.Qf2 Rf8 21.Qf6 Nh5 22.
Qxh6 Nf4 23.Ba4+ b5 24.Nxb5 axb5 25.Bxb5+ Bc6 26.Bxc5 Rg8 27.Qh7 O-O-O 28.
Be3 Bxg2 29.Ba6+ Bb7 30.Qe4 Bxa6 31.Qa8+ Qb8 32.Qc6+ Qc7 33.Qa8+ Qb8 34.
Qxa6+ Qb7 35.Qxb7+ Kxb7 36.Bd4 Ra8 37.Rb1+ Kc7 38.Rb2 Rgb8 39.Rfb1 Rxb2 
40.Rxb2 Ra4 41.Kf1 Kc6 42.Rf2 Rxc4 43.h4 Kd5 44.hxg5 Ke4 45.Rb2 Ra4 46.Rb7
Rxa2 47.Rxf7 1/2-1/2

[Event "XXIV Festival Conca della Presolana A"]
[Site "Bratto - Castione della Presolana ITA"]
[Date "2004.08.25"]
[Round "6"]
[White "Castaldo, Folco"]
[Black "Contin, Daniel"]
[Result "1/2-1/2"]
[WhiteElo "2318"]
[BlackElo "2392"]
[PlyCount "66"]
[EventDate "2004.08.20"]

1.d4 Nf6 2.c4 e6 3.Nc3 Bb4 4.Qc2 b6 5.a3 Bxc3+ 6.Qxc3 Bb7 7.Bg5 h6 8.Bh4 
g5 9.Bg3 Ne4 10.Qc2 d6 11.f3 Nxg3 12.hxg3 Qf6 13.e3 c5 14.Ne2 Nc6 15.dxc5 
bxc5 16.Nc3 Qe5 17.Kf2 Ke7 18.Be2 f5 19.f4 Qf6 20.b4 h5 21.bxc5 dxc5 22.
Rab1 Rab8 23.Bf3 h4 24.fxg5 hxg3+ 25.Ke2 Qe5 26.Rxb7+ Rxb7 27.Bxc6 Rxh1 
28.Bxb7 f4 29.Qd3 Rc1 30.Qh7+ Kf8 31.Qh6+ Ke8 32.Qg6+ Kf8 33.Qh6+ Ke8 
1/2-1/2

[Event "XXIV Festival Conca della Presolana A"]
[Site "Bratto - Castione della Presolana ITA"]
[Date "2004.08.25"]
[Round "6"]
[White "Castelfranchi, Carlo"]
[Black "Passoni, Carlo"]
[Result "0-1"]
[WhiteElo "2086"]
[BlackElo "2286"]
[PlyCount "72"]
[EventDate "2004.08.20"]

1.e4 c5 2.Nf3 e6 3.d4 cxd4 4.Nxd4 Nc6 5.Nc3 Qc7 6.Be2 a6 7.O-O Nf6 8.Be3 
b5 9.Nxc6 dxc6 10.Bd3 e5 11.h3 Be6 12.a4 b4 13.Nb1 c5 14.c4 Rd8 15.Qe2 Be7
16.Nd2 O-O 17.Nb3 Rd7 18.f4 Rfd8 19.Rad1 exf4 20.Bxf4 Qc6 21.e5 Ne8 22.Be4
Qxa4 23.Rxd7 Qxd7 24.Ra1 Nc7 25.Be3 Qc8 26.Nxc5 Bxc5 27.Bxc5 Nb5 28.Qe3 
Bxc4 29.Bxb4 Nd4 30.Bd6 Nb5 31.Bc5 Qe6 32.Bb7 Nc7 33.Bd6 Rxd6 34.Qc5 Rd7 
35.Bc8 Qd5 36.Qb6 Qd4+ 0-1

[Event "XXIV Festival Conca della Presolana A"]
[Site "Bratto - Castione della Presolana ITA"]
[Date "2004.08.25"]
[Round "6"]
[White "Cugini, Verter"]
[Black "Gromovs, Sergejs"]
[Result "0-1"]
[WhiteElo "2219"]
[BlackElo "2341"]
[PlyCount "106"]
[EventDate "2004.08.20"]

1.e4 c5 2.g3 Nc6 3.Bg2 g6 4.Ne2 Bg7 5.O-O e6 6.c3 Nge7 7.d4 cxd4 8.cxd4 d5
9.exd5 Nxd5 10.Nbc3 O-O 11.Nxd5 exd5 12.Be3 Bg4 13.h3 Bxe2 14.Qxe2 Re8 15.
Qb5 Bxd4 16.Bxd4 Nxd4 17.Qxb7 Rb8 18.Qxd5 Qxd5 19.Bxd5 Rxb2 20.Rab1 Ne2+ 
21.Kg2 Rxb1 22.Rxb1 Nc3 23.Bc6 Re6 24.Rb8+ Kg7 25.Bb5 Re4 26.a3 Re5 27.a4 
Re7 28.Kf3 Kf6 29.Rc8 Ne4 30.h4 h6 31.Rc6+ Ke5 32.h5 Nd6 33.hxg6 fxg6 34.
Bd3 g5 35.Ra6 Kd5 36.Kg4 Nf7 37.f4 gxf4 38.gxf4 Nd6 39.Bb1 Kc5 40.Bg6 Kd5 
41.Kh5 Nf7 42.Rf6 Nd6 43.Kxh6 Re2 44.Bf7+ Kc5 45.Kg7 Re4 46.Kf8 Rxa4 47.
Ke7 Re4+ 48.Kd7 Rd4 49.Kc7 a5 50.Bg6 a4 51.Re6 Nb5+ 52.Kb7 a3 53.Ra6 Rd6 
0-1

[Event "XXIV Festival Conca della Presolana A"]
[Site "Bratto - Castione della Presolana ITA"]
[Date "2004.08.25"]
[Round "6"]
[White "Danieli, Enrico"]
[Black "Zanellato, Lorenzo"]
[Result "1-0"]
[WhiteElo "2139"]
[BlackElo "2086"]
[PlyCount "39"]
[EventDate "2004.08.20"]

1.d4 d5 2.Nf3 Nf6 3.e3 c5 4.Bd3 e6 5.O-O Nc6 6.b3 Qb6 7.Bb2 c4 8.Be2 Bd7 
9.Ne5 Nxe5 10.dxe5 Ne4 11.Bd4 Qc7 12.f3 cxb3 13.fxe4 bxc2 14.Qc1 cxb1=Q 
15.Qxc7 Qxe4 16.Rxf7 Be7 17.Rxg7 Qh4 18.Bc5 Rc8 19.Rxe7+ Qxe7 20.Bh5+ 1-0

[Event "XXIV Festival Conca della Presolana A"]
[Site "Bratto - Castione della Presolana ITA"]
[Date "2004.08.25"]
[Round "6"]
[White "De Vita, Igor"]
[Black "Ceccarini, Marco"]
[Result "1-0"]
[WhiteElo "2156"]
[BlackElo "2091"]
[PlyCount "72"]
[EventDate "2004.08.20"]

1.d4 d5 2.c4 e6 3.Nc3 Nf6 4.cxd5 exd5 5.Bg5 Be7 6.e3 c6 7.Qc2 O-O 8.Bd3 h6
9.Bh4 Re8 10.Nge2 Ne4 11.Bxe7 Qxe7 12.Nf4 Nxc3 13.bxc3 Nd7 14.O-O Nf8 15.
Rae1 Ne6 16.Nh5 Ng5 17.f3 c5 18.Qf2 Bd7 19.h4 Nh7 20.Qg3 g6 21.e4 Kh8 22.
exd5 Qf8 23.Qc7 Rxe1 24.Rxe1 Re8 25.Re5 cxd4 26.cxd4 Ba4 27.Nf4 g5 28.Nh5 
gxh4 29.Bxh7 Rc8 30.Qa5 Rc1+ 31.Kh2 f6 32.Re6 Qb8+ 33.d6 Bd7 34.Rxf6 Kxh7 
35.Rf7+ Kg8 36.Rxd7 Qf8 1-0

[Event "XXIV Festival Conca della Presolana A"]
[Site "Bratto - Castione della Presolana ITA"]
[Date "2004.08.25"]
[Round "6"]
[White "Delfino, Luigi"]
[Black "Agrifoglio, Fabio"]
[Result "1/2-1/2"]
[WhiteElo "2084"]
[BlackElo "2022"]
[PlyCount "90"]
[EventDate "2004.08.20"]

1.e4 e6 2.d4 d5 3.Nc3 Bb4 4.Ne2 Nc6 5.e5 f6 6.exf6 Qxf6 7.g3 Qf3 8.Rg1 Qh5
9.Bg2 Nf6 10.Qd3 Bd7 11.Bf4 O-O-O 12.O-O-O g5 13.Be5 Rhf8 14.f4 Be8 15.g4 
Nxg4 16.Qh3 Ngxe5 17.dxe5 g4 18.Qg3 Qf5 19.Nb5 Bc5 20.Nbd4 Nxd4 21.Nxd4 
Qxf4+ 22.Qxf4 Rxf4 23.Nxe6 Bxg1 24.Rxg1 Ra4 25.Nxd8 Rxa2 26.Kb1 Ra6 27.
Nxb7 Kxb7 28.Bxd5+ c6 29.Bc4 Ra5 30.Re1 Kc7 31.Re3 Kd8 32.b4 Ra4 33.c3 c5 
34.Bb3 Ra3 35.Kb2 cxb4 36.cxb4 Ra6 37.Kc3 Ke7 38.Kd4 Rb6 39.Kc3 h5 40.Re4 
Bf7 41.e6 Rc6+ 42.Kb2 Bg6 43.Re1 Bf5 44.Ra1 a6 45.Ra5 Bxe6 1/2-1/2

[Event "XXIV Festival Conca della Presolana A"]
[Site "Bratto - Castione della Presolana ITA"]
[Date "2004.08.25"]
[Round "6"]
[White "Dervishi, Erald"]
[Black "Ranola, Yves"]
[Result "1/2-1/2"]
[WhiteElo "2486"]
[BlackElo "2410"]
[PlyCount "162"]
[EventDate "2004.08.20"]

1.e4 g6 2.d4 Bg7 3.Nf3 d6 4.Nc3 Nf6 5.Be2 O-O 6.O-O c6 7.h3 Qc7 8.a4 e5 9.
Re1 Nbd7 10.a5 Re8 11.Bc4 exd4 12.Nxd4 Nc5 13.Qf3 Ne6 14.Be3 Nd7 15.Qd1 
Ne5 16.Bf1 Nxd4 17.Bxd4 g5 18.Ne2 f5 19.exf5 Bxf5 20.Ng3 Bg6 21.Qd2 Qf7 
22.Rad1 h6 23.Ne4 Rad8 24.Bxa7 d5 25.Ng3 d4 26.Bb6 Rd5 27.Bd3 Rf8 28.Bxg6 
Qxg6 29.Qe2 d3 30.cxd3 Nxd3 31.Qe6+ Qxe6 32.Rxe6 c5 33.Rxd3 Rxd3 34.Bxc5 
Rfd8 35.b4 R8d7 36.Nf5 Kf7 37.Nxg7 Kxg7 38.g3 Rf7 39.Kg2 Rf6 40.Re2 Rd7 
41.Rb2 Rf5 42.Be3 Kf7 43.b5 Rdd5 44.a6 bxa6 45.bxa6 Ra5 46.a7 Ra4 47.Rb8 
Rfa5 48.Rb7+ Kg6 49.g4 Ra6 50.Kg3 h5 51.gxh5+ Kxh5 52.Rg7 R6a5 53.Kf3 Rf5+
54.Ke2 Rfa5 55.Kf3 Rf5+ 56.Kg3 Rfa5 57.Rc7 Kg6 58.Rc6+ Kf5 59.Rc7 Kg6 60.
Rd7 Kf6 61.Rd6+ Kf5 62.Rd8 Kf6 63.Rg8 Kf7 64.Rh8 Kg7 65.Rh5 Kf7 66.h4 
gxh4+ 67.Rxh4 Rxh4 68.Kxh4 Ke6 69.Kg4 Kf6 70.Bd4+ Ke6 71.f4 Ra4 72.Kg5 Kf7
73.Kf5 Ra5+ 74.Ke4 Ke6 75.f5+ Kf7 76.Bb6 Ra4+ 77.Ke5 Ra2 78.Bd4 Ra5+ 79.
Ke4 Ra4 80.Kd5 Ra5+ 81.Kc6 Rxa7 1/2-1/2

[Event "XXIV Festival Conca della Presolana A"]
[Site "Bratto - Castione della Presolana ITA"]
[Date "2004.08.25"]
[Round "6"]
[White "Drazic, Sinisa"]
[Black "Shytaj, Carlo"]
[Result "1-0"]
[WhiteElo "2461"]
[BlackElo "2214"]
[PlyCount "109"]
[EventDate "2004.08.20"]

1.e4 d6 2.d4 Nf6 3.Nc3 g6 4.g3 Bg7 5.Bg2 O-O 6.Nge2 e5 7.O-O Nbd7 8.h3 c6 
9.a4 a5 10.Be3 Re8 11.Qd2 Qc7 12.Rad1 Nb6 13.b3 d5 14.exd5 Nfxd5 15.Nxd5 
Nxd5 16.Bg5 exd4 17.Nxd4 Nf6 18.Qc3 Qb6 19.Qf3 Nd5 20.Nb5 cxb5 21.Qxd5 
bxa4 22.bxa4 Qc7 23.Bd8 Qc3 24.Qb5 Bd7 25.Rxd7 Rexd8 26.Qxb7 Rxd7 27.Qxd7 
Rc8 28.Bd5 Qxc2 29.Qxf7+ Kh8 30.Re1 Qxa4 31.Re4 Qa1+ 32.Kg2 Qf6 33.Qa7 Rf8
34.Rf4 Qc3 35.Rxf8+ Bxf8 36.Qa8 Qc5 37.Bb3 Qf5 38.Be6 Qf6 39.Bd5 Kg7 40.
Qxa5 Bd6 41.h4 Qe5 42.Qa8 Bb8 43.Qb7+ Qc7 44.Qb5 Qd6 45.Bc4 Bc7 46.Qe8 Bd8
47.Qg8+ Kh6 48.Bd5 Qf6 49.Be4 Bb6 50.f3 Bc5 51.Kh3 Qf8 52.Qd5 Kg7 53.Qe5+ 
Kh6 54.g4 Qc8 55.Bf5 1-0

[Event "XXIV Festival Conca della Presolana A"]
[Site "Bratto - Castione della Presolana ITA"]
[Date "2004.08.25"]
[Round "6"]
[White "Gangemi, Salvatore"]
[Black "Cardelli, Gabriele"]
[Result "1-0"]
[WhiteElo "2085"]
[BlackElo "2026"]
[PlyCount "129"]
[EventDate "2004.08.20"]

1.c4 c6 2.Nf3 d5 3.cxd5 cxd5 4.d4 Nf6 5.Nc3 g6 6.Bf4 Bg7 7.Bxb8 Rxb8 8.
Qa4+ Bd7 9.Qxa7 Ra8 10.Qc5 Ne4 11.Qxd5 Nxc3 12.bxc3 Qc7 13.Qb3 Rc8 14.Rc1 
Be6 15.Qb2 O-O 16.e3 Ra8 17.a3 Ra5 18.Be2 Rfa8 19.Ra1 Rc8 20.O-O Rh5 21.
Rfc1 Bd5 22.g3 Qd7 23.Ne1 Rh6 24.Bf3 Bxf3 25.Nxf3 Qd5 26.Qe2 Qh5 27.Ra2 g5
28.h4 gxh4 29.Nxh4 Qg5 30.Nf3 Qg4 31.Ne1 Qh3 32.Qf3 Qh2+ 33.Kf1 Rcc6 34.
Qg2 Qh5 35.Rac2 Qa5 36.c4 Qxa3 37.c5 e6 38.Kg1 Rg6 39.Qe4 Qa8 40.Nd3 Qb8 
41.Nb4 Rc7 42.Rb1 e5 43.d5 Qc8 44.Rbc1 f5 45.Qg2 f4 46.d6 Rf7 47.Nd5 Bf8 
48.exf4 exf4 49.Rc3 h5 50.Re1 fxg3 51.fxg3 Qd7 52.Qe4 Rg4 53.Qe6 Qxe6 54.
Rxe6 Rd4 55.Nf6+ Kh8 56.Nxh5 Rf5 57.Nf4 Bg7 58.Rc1 Rd2 59.Re2 Rd4 60.Kg2 
Kg8 61.Ne6 Rd3 62.Rcc2 Bh6 63.Rf2 Rh5 64.Nf4 Bxf4 65.Rxf4 {...} 1-0

[Event "XXIV Festival Conca della Presolana A"]
[Site "Bratto - Castione della Presolana ITA"]
[Date "2004.08.25"]
[Round "6"]
[White "Godena, Michele"]
[Black "Cebalo, Miso"]
[Result "1-0"]
[WhiteElo "2545"]
[BlackElo "2527"]
[PlyCount "77"]
[EventDate "2004.08.20"]

1.e4 e6 2.d4 d5 3.Nd2 Nf6 4.e5 Nfd7 5.Bd3 c5 6.c3 Nc6 7.Ne2 cxd4 8.cxd4 f6
9.exf6 Nxf6 10.Nf3 Qb6 11.O-O Bd6 12.b3 O-O 13.Bf4 Bxf4 14.Nxf4 Bd7 15.Re1
Rae8 16.Qd2 Kh8 17.Bc2 Nxd4 18.Qxd4 Qxd4 19.Nxd4 e5 20.Bg6 hxg6 21.Nxg6+ 
Kg8 22.Nxf8 Kxf8 23.Nf3 e4 24.Ng5 Re5 25.h4 Bc6 26.Rad1 Ke7 27.f3 a5 28.
Rd4 Nd7 29.g4 exf3 30.Nxf3 Rxe1+ 31.Nxe1 Nc5 32.Kf2 Kd6 33.Rf4 Be8 34.h5 
Ne6 35.Rf5 Nd4 36.Rf8 Ke7 37.Rf4 Ne6 38.Rf5 Kd6 39.Nd3 1-0